381 Southwark Park Road RTM Company Ltd and others v Click St Andrews Ltd and another (Record no. 122119)
[ view plain ]
| 000 -LEADER | |
|---|---|
| fixed length control field | 00853naa a22001697a 4500 |
| 007 - PHYSICAL DESCRIPTION FIXED FIELD--GENERAL INFORMATION | |
| fixed length control field | t| |
| 008 - FIXED-LENGTH DATA ELEMENTS--GENERAL INFORMATION | |
| fixed length control field | 250310e20241219xxk||||os||||o00| 0 eng d |
| 041 ## - LANGUAGE CODE | |
| Language code of text/sound track or separate title | eng |
| 245 ## - TITLE STATEMENT | |
| Title | 381 Southwark Park Road RTM Company Ltd and others v Click St Andrews Ltd and another |
| 260 ## - PUBLICATION INFORMATION | |
| Place of publication | [2024] EWHC 3569 (TCC) |
| Publisher | Technology and Construction Court |
| Date | 19 December 2024 |
| 520 ## - ABSTRACT | |
| Abstract | On 19 December, Mrs Justice Jefford made a building liability order under section 130 of the Building Safety Act 2022 in terms that the relevant liability of Click St Andrews Ltd was also the liability of Click Group Holdings. Related case [2024] EWHC 3179 (TCC) |
| 650 ## - KEYWORDS | |
| Keywords | BUILDING SAFETY ACT 2022 |
| 650 ## - KEYWORDS | |
| Keywords | BUILDING LIABILITY ORDERS |
| 650 ## - KEYWORDS | |
| Keywords | JUDGMENT |
| 651 ## - SUBJECT ADDED ENTRY--GEOGRAPHIC NAME | |
| Geographic name | United Kingdom |
| 856 ## - ONLINE RESOURCE | |
| Uniform Resource Identifier | https://www.bailii.org/ew/cases/EWHC/TCC/2024/3569.html |
| Public note | Available from BAILII |
| Withdrawn status | Lost status | Damaged status | Koha normalized classification for sorting | Not for loan | Home library | Current library | Shelving location | Date acquired | Total Checkouts | Full call number | Date last seen | Price effective from | Koha item type |
|---|---|---|---|---|---|---|---|---|---|---|---|---|---|
| ONLINE_JUDGMENT | Virtual | Virtual | Online | 10/03/2025 | ONLINE JUDGMENT | 10/03/2025 | 10/03/2025 | Law report |